01254 2200217 4500001002100000005001500021035002000036007000300056008004100059020001800100082001000118084001600128100001300144245005400157250001100211260003100222300004000253500068700293600003100980990002501011INLIS00000000000089120220930015646 a0010-0922000128ta220930 c 1 ind  a979-686-181-X a839.7 a839.7 LIN h1 aLindgren1 aHARI-HARI BAHAGIA DI BULLERBYN /cAstrid Lindgren aCet. 2 aJakarta :bGramedia,c2002 a136 hlm :bTerdapat Gambar ;c20 cm aNamaku Lisa. Aku bersama kedua kakakku, Lasse dan Bosse, dan teman-temanku, Britta, Anna, dan Olle tinggal di Bullerbyn. Rumah kami berdekatan, hanya dibatasi pohon-pohon. Jadi setiap hari kami bisa bertemu dan bermain bersama. Kami merayakan Natal bersama, menunggu datangnya Tahun Baru juga bersama. Ada-ada saja yang kami alami di Bullerbyn. Berpesta di rumah Bibi Jenny, merayakan Paskah, merayakan ulang tahun Kakek, memburu hantu air. Bahagia sekali rasanya tinggal di Bullerbyn. Kebahagiaan kami bertambah-tambah ketika Olle mendapat adik perempuan yang mungil dan manis. Dan karena Ibu Guru berpesan agar kami selalu berusaha membahagiakan orang lain, kami pun mencobanya... 4aFiksi Jerman, Prosa Jerman a01662/PSMUH/Hib/2022